000 00329pab a2200145 454500
008 180718b1986 xxu||||| |||| 00| 0 eng d
100 _aSethi, Narendra K. and Robert
245 _aZero - base budgeting
260 _c1986
300 _a9-16
362 _aMay
650 _aBudget
773 _aIndian Management
909 _a4709
999 _c4709
_d4709